000 01706cam a2200181 4500500
005 20260405000301.0
041 _afre
042 _adc
100 1 0 _aBerhili, Saad-Ellah
_eauthor
700 1 0 _aHanchane, Saïd
_eauthor
700 1 0 _aZiroili, Mustapha
_eauthor
245 0 0 _aObstáculos a la movilidad profesional y segmentación del mercado laboral, formal versus informal
260 _c2026.
500 _a40
520 _aTeniendo en cuenta que la segmentación del mercado laboral marroquí se manifiesta, en particular, por el predominio del empleo informal precario entre los asalariados, la movilidad profesional reviste una importancia económica y social aún mayor. Gracias a la movilización sin precedentes de dos paneles (uno que recurre a la encuesta sobre el empleo de la Alta Comisaría para la Planificación y otro que recurre al panel de hogares del Observatorio Nacional de Desarrollo Humano), este artículo da cuenta de la movilidad profesional, en particular entre el empleo informal precario y los empleos que dan derecho a la protección social. Teniendo en cuenta las transiciones hacia y desde el desempleo y la inactividad, identifica en particular los factores que obstaculizan dichos cambios, especialmente para los hombres la inserción inicial en un empleo precario y, para las mujeres, la escasez de empleos dignos accesibles, lo que las lleva a preferir la inactividad. Por el contrario, los niveles superiores de formación profesional favorecen el acceso a empleos dignos.
786 0 _nFormation emploi | - | 1 | 2026-02-04 | p. 165-195 | 0759-6340
856 4 1 _uhttps://shs.cairn.info/revista-formation-emploi-2026-1-page-165?lang=es&redirect-ssocas=7080
999 _c2035507
_d2035507